MAASAI MARA UNIVERSITY

LIBRARY CATALOGUE

Contact Us: +254 020 2685356/7 or 0774 057787

Box: 861-20500, NAROK, KENYA

Email: info@mmarau.ac.ke

Africa-my destiny : (Record no. 17100)

MARC details
000 -LEADER
fixed length control field 00838nam a22002537a 4500
003 - CONTROL NUMBER IDENTIFIER
control field OSt
005 - DATE AND TIME OF LATEST TRANSACTION
control field 20230220071445.0
008 - FIXED-LENGTH DATA ELEMENTS--GENERAL INFORMATION
fixed length control field 160426b xxu||||| |||| 00| 0 eng d
010 ## - LIBRARY OF CONGRESS CONTROL NUMBER
LC control number 2015333278
020 ## - INTERNATIONAL STANDARD BOOK NUMBER
International Standard Book Number 9788192537177
040 ## - CATALOGING SOURCE
Original cataloging agency MMU
Language of cataloging eng
Transcribing agency MMU
Description conventions MMU
042 ## - AUTHENTICATION CODE
Authentication code lcode
-- pcc
050 ## - LIBRARY OF CONGRESS CALL NUMBER
Classification number HC59.15 .M454 2015
100 1# - MAIN ENTRY--PERSONAL NAME
Personal name Meienberg, Peter Hildebrand.
245 10 - TITLE STATEMENT
Title Africa-my destiny :
Remainder of title 50 years of service in East Africa /
Statement of responsibility, etc. Peter Hildebrand Meienberg.
264 #1 - PRODUCTION, PUBLICATION, DISTRIBUTION, MANUFACTURE, AND COPYRIGHT NOTICE
Place of production, publication, distribution, manufacture Nairobi, Kenya :
Name of producer, publisher, distributor, manufacturer Creative Manufacturers Limited,
Date of production, publication, distribution, manufacture, or copyright notice [2015]
300 ## - PHYSICAL DESCRIPTION
Extent 379 pages :
Other physical details color illustrations ;
Dimensions 23 cm +
Accompanying material 1 CD-ROM (4 3/4 in.)
336 ## - CONTENT TYPE
Content type term text
Source rdacontent
337 ## - MEDIA TYPE
Media type term unmediated
Source rdamedia
338 ## - CARRIER TYPE
Carrier type term volume
Source rdacarrier
906 ## - LOCAL DATA ELEMENT F, LDF (RLIN)
a 0
b ibc
c origode
d 3
e ncip
f 20
g y-gencatlg
942 ## - ADDED ENTRY ELEMENTS (KOHA)
Source of classification or shelving scheme Library of Congress Classification
Koha item type L
Holdings
Withdrawn status Lost status Source of classification or shelving scheme Damaged status Not for loan Home library Current library Date acquired Source of acquisition Total Checkouts Full call number Barcode Date last seen Price effective from Koha item type
    Library of Congress Classification     Maasai Mara University Library -Main Campus Maasai Mara University Library -Main Campus 04/26/2016 Donation   HC59.15 .M454 2015 201515565 04/26/2016 04/26/2016 L
© 2016 Maasai Mara University.